Reinventing the museum : relevance, inclusion, and global responsibilities

Saved in:
Bibliographic Details
Other Authors Anderson, Gail, 1954- (Editor)
Format Electronic eBook
LanguageEnglish
Published Lanham : Rowman & Littlefield, [2023]
EditionThird edition.
Subjects
Online AccessFull text
ISBN9781538159705
9781538159682
9781538159699
Physical Description1 online zdroj.

Cover

LEADER 00000cam a2200000 i 4500
001 113440
003 CZ-ZlUTB
005 20260603103206.0
006 m o d
007 cr cnu---unuuu
008 230822s2023 xx fo 0|0 0 eng d
020 |a 9781538159705  |q (electronic bk.) 
020 |z 9781538159682 
020 |z 9781538159699 
035 |a (OCoLC)1394909551 
040 |a N$T  |b eng  |c N$T  |d OCLCO  |d OCLCF  |d OCLCO  |d CLOUD  |d OCLCQ  |d OCLCL  |e rda 
072 7 |a 069  |x Muzea. Muzeologie. Muzejnictví. Výstavy  |2 Konspekt  |9 12 
080 |a 7.025.3/.4  |2 MRF 
080 |a 069  |2 MRF 
080 |a 101  |2 MRF 
080 |a 304  |2 MRF 
080 |a (0.034.2:08)   |2 MRF 
080 |a (082)  |2 MRF 
245 1 0 |a Reinventing the museum :  |b relevance, inclusion, and global responsibilities /  |c Gail Anderson. 
250 |a Third edition. 
264 1 |a Lanham :  |b Rowman & Littlefield,  |c [2023] 
300 |a 1 online zdroj. 
336 |a text  |b txt  |2 rdacontent 
337 |a počítač  |b c  |2 rdamedia 
338 |a online zdroj  |b cr  |2 rdacarrier 
506 |a Plný text je dostupný pouze z IP adres počítačů Univerzity Tomáše Bati ve Zlíně nebo vzdáleným přístupem pro zaměstnance a studenty 
588 0 |a Print version record. 
590 |a eBooks on EBSCOhost  |b All EBSCO eBooks 
650 0 7 |a ochrana kulturních památek  |7 ph115551  |2 czenas 
650 0 7 |a muzea  |7 ph115380  |x socialní aspekty  |2 czenas 
650 0 7 |a filozofie  |7 ph114540  |2 czenas 
650 0 9 |a protection of cultural property  |2 eczenas 
650 0 9 |a museums  |x social aspects  |2 eczenas 
650 0 9 |a philosophy  |2 eczenas 
655 7 |a elektronické knihy  |7 fd186907  |2 czenas 
655 7 |a sborníky  |7 fd163935  |2 czenas 
655 9 |a electronic books  |2 eczenas 
655 9 |a papers of several authors  |2 eczenas 
700 |a Anderson, Gail,  |d 1954-  |e editor. 
776 0 8 |i Print version:  |a ANDERSON, GAIL.  |t REINVENTING THE MUSEUM.  |d [Place of publication not identified] : ROWMAN & LITTLEFIELD, 2023  |z 1538159686  |w (OCoLC)1357534897 
856 4 0 |u https://search.ebscohost.com/login.aspx?direct=true&scope=site&db=nlebk&AN=3602570&authtype=ip,shib&custid=s3936755 
942 |2 udc 
992 |c EBOOK-TN  |c EBSCO 
993 |x NEPOSILAT  |y EIZ 
999 |c 113440  |d 113440